Countries with the highest IQ - Statistics

General Stats
  • This quiz has been taken 1,114 times
  • The average score is 12 of 17
Answer Stats
IQ Country % Correct
100 China
93%
105 Japan
93%
100 United Kingdom
87%
102 Germany
85%
106 South Korea
82%
101 Sweden
78%
102 Italy
74%
99 Spain
70%
103 Singapore
67%
101 Switzerland
67%
102 Austria
64%
102 Netherlands
64%
100 Belgium
63%
104 Taiwan
59%
99 Poland
57%
100 New Zealand
47%
99 Hungary
31%
No matching quizzes found
Score Distribution
Percent of People with Each Score
Percentile by Number Answered
Your Score History
You have not taken this quiz